| 000 | 00514nam a2200169 4500 | ||
|---|---|---|---|
| 001 | 136838 | ||
| 003 | ES-MaACL | ||
| 005 | 20231230063002.0 | ||
| 007 | t| | ||
| 008 | 070214s1959 sp r ||||1| spa d | ||
| 100 | 1 |
_aSainz de Robles, Federico Carlos, _d1898-1982 _9101593 |
|
| 245 | 1 | 0 |
_aMadrid__ y el resto del mundo / _cFederico Carlos Sainz de Robles. |
| 260 |
_aMadrid : _bCultura Clásica y Moderna, _c1959. |
||
| 300 |
_a262 p. ; _c19 cm. |
||
| 852 |
_aES-MaACL _jC-4499 _bR.44033 |
||
| 999 |
_c136838 _d136838 |
||